Spreadsheet Modeling And Decision Analysis (Record no. 96373)
[ view plain ]
| 000 -LEADER | |
|---|---|
| fixed length control field | 00584nam a2200229Ia 4500 |
| 005 - DATE AND TIME OF LATEST TRANSACTION | |
| control field | 20230502193052.0 |
| 008 - FIXED-LENGTH DATA ELEMENTS--GENERAL INFORMATION | |
| fixed length control field | 230125s9999 xx 000 0 und d |
| 020 ## - INTERNATIONAL STANDARD BOOK NUMBER | |
| International Standard Book Number | 9789353502225 |
| 041 ## - LANGUAGE CODE | |
| Language code of text/sound track or separate title | eng |
| 082 ## - DEWEY DECIMAL CLASSIFICATION NUMBER | |
| Classification number | 004.1 |
| Item number | RAG |
| 100 ## - MAIN ENTRY--PERSONAL NAME | |
| Author | Ragsdale C T |
| 245 ## - TITLE STATEMENT | |
| Title | Spreadsheet Modeling And Decision Analysis |
| 250 ## - EDITION STATEMENT | |
| Edition statement | 8th Ed. |
| 260 ## - PUBLICATION, DISTRIBUTION, ETC. | |
| Date of publication, distribution, etc. | 2019 |
| Name of publisher, distributor, etc. | Cengage Learning |
| Place of publication, distribution, etc. | India |
| 300 ## - PHYSICAL DESCRIPTION | |
| Extent | 844p |
| 500 ## - GENERAL NOTE | |
| Keywords | Business Analytics<br/><br/> |
| 650 ## - SUBJECT ADDED ENTRY--TOPICAL TERM | |
| Topical term or geographic name entry element | Business Analytics |
| 700 ## - ADDED ENTRY--PERSONAL NAME | |
| Personal name | Ragsdale C T |
| 942 ## - ADDED ENTRY ELEMENTS (KOHA) | |
| Koha item type | Books |
| 906 ## - LOCAL DATA ELEMENT F, LDF (RLIN) | |
| b | 223.72 |
| Withdrawn status | Lost status | Damaged status | Not for loan | Home library | Current library | Date acquired | Vendor | Net Price | Bill number | Total Checkouts | Full call number | Barcode | Date last seen | Actual Price | Bill Date | Koha item type | Original Barcode |
|---|---|---|---|---|---|---|---|---|---|---|---|---|---|---|---|---|---|
| Smt. Hiraben Nanavati Institute of Management & Research for Women | Smt. Hiraben Nanavati Institute of Management & Research for Women | 28/02/2020 | Forward Books | 799.00 | 11225 | 004.1 RAG B20087 | HIMR-BK-20087 | 25/01/2023 | 575.28 | 25/01/2023 | Books | B20087 | |||||
| Smt. Hiraben Nanavati Institute of Management & Research for Women | Smt. Hiraben Nanavati Institute of Management & Research for Women | 28/02/2020 | Forward Books | 799.00 | 11225 | 004.1 RAG B20088 | HIMR-BK-20088 | 25/01/2023 | 575.28 | 25/01/2023 | Books | B20088 |